01958 a2200277 450000500170000000800410001704000680005804100080012624500510013426000490018530000460023449000320028050004540031250802120076651101640097852001010114252000440124354600840128758601650137165000400153665100270157670000310160371000170163471000140165171000150166520140904102005.0140317s1975 mx g 0 m eng d aCO-BoUCMbspacJose A. Gerena (modificó)dAldemar Mondragón aeng00aBarry LyndoncStanley Kubrick, directorh[DVD] aMéxico D.F. (México)bWarner Bros.c1975 a1 DVD, 183 minutosbimagen, sonido, color0 aColección Stanley Kubrick aSINOPSIS: ¿Cómo puede un muchacho irlandés, sin expectativas, volverse parte de la nobleza inglesa del siglo 18? !Para Barry Lyndon la respuesta es: como se pueda¡ Su ascenso al poder de los privilegiados es el tema de esta versión suntuosa de Stanley Kubrick basada en la novela de William Makepeace Thackeray. Kubrick se inspiró en las obras de arte de la época para hacer una película arrebatadora y satírica [Tomado de la fuente] aCRÉDITOS: Dirigida por Stanley Kubrick ; producida por Jan Harlan ; fotografía por John Alcott ; diseño de producción por Ken Adam ; dirección de arte por Roy Walker ; vestuario por Milena Canonero0 aREPARTO: Ryan O'Neal, Marisa Berenson, Patrick Magee, Hardy Krüger, Steven Berkoff, Gay Hamilton, Marie Kean, Diana Körner, Murray Melvin, Frank Middlemass aBasada en la novela de nombre "The Memoirs of Barry Lyndon, Esq." de William Makepeace Thackeray aRestaurada y remasterizada digitalmente aAudio en inglés. Subtítulos en inglés, francés, portugués y español aGanadora de cuatro premios de la Academia, 1976 (mejor fotografía, diseño de vestuario, dirección de arte-decoración, canción original o adaptación) 7aPelículas cinematográficasvDVD 4aIrlandaxHistoriavDVD1 aKubrick, Stanleyedirector2 aWarner Bros.2 aPeregrine2 aHawk Films